000 00844nam a2200241 i 4500
001 142954
003 ES-MaACL
005 20250814231554.0
007 t|
008 071011s1973 sp ||||1| spa d
020 _a84-7222-232-2
080 _a335.5
100 1 _aVidal Villa, José María.
_9114521
245 1 0 _aEstructura y organización económica internacional.
_n1,
_pIniciación a la economía marxista /
_cJosé María Vidal Villa.
246 3 _aIniciación a la economía marxista
260 _aBarcelona :
_bLaia,
_c1973.
300 _a1 v. (199 p.) ;
_c19 cm.
490 1 _aEdiciones de bolsillo. Ciencias sociales. Economía ;
_v258
650 4 _aEconomía marxista.
_912033
830 1 0 _aEdiciones de bolsillo.
_pCiencias sociales
_v258
_9183539
852 4 _aES-MaACL
_jP-1879
999 _c142954
_d142954